Catálogo

Vista normal Vista MARC

Entrada Personal Name

Número de registros utilizados en: 1

001 - CONTROL NUMBER

  • control field: 1170

003 - CONTROL NUMBER IDENTIFIER

  • control field: OSt

005 - DATE AND TIME OF LATEST TRANSACTION

  • control field: 20200714152128.0

008 - FIXED-LENGTH DATA ELEMENTS

  • fixed length control field: 151015 a|ac|n|aab||||||||||||a |n|||||||

040 ## - CATALOGING SOURCE

  • Original cataloging agency: Mx-PuUPA
  • Transcribing agency: Mx-PuUPA
  • Language of cataloging: spa
  • Modifying agency: Mx-PuUPA
  • Description conventions: rda

100 1# - HEADING--PERSONAL NAME

  • Personal name: Asen, K. Eia,

372 ## - FIELD OF ACTIVITY

  • Field of activity: Educación

374 ## - OCCUPATION

  • Occupation: Autor

375 ## - GENDER

  • Gender: mujer

377 ## - ASSOCIATED LANGUAGE

  • Language code: spa

400 ## - SEE FROM TRACING--PERSONAL NAME

  • Personal name: K. Eia, Asen

670 ## - SOURCE DATA FOUND

  • Source citation: Intervención familiar : guía práctica para los profesionales de la salud,
  • Information found: t.p. (K. Eia Asen) de portada